Property tax journal : a quarterly journal devoted to studies in property taxation and assessment administration vol. 4

Bibliographic Details
Corporate Author: International Association of Assessing Officers
Format: Book
Published: Chicago : university Microfilms International , 1985
Subjects:

MARC

LEADER 00000cam a2200000 7i4500
001 0000009369
005 20161113.0
020 |a 0007310285 
040 |a INS 
090 0 0 |a 336.22205   |b PRO 
245 1 0 |a Property tax journal :   |b a quarterly journal devoted to studies in property taxation and assessment administration vol. 4 
260 |a Chicago :   |b university Microfilms International ,   |c 1985 
300 |a 244p ;   |c 25cm. 
650 0 0 |a Assessment   |z United State 
650 0 0 |a Real property tax   |z United States 
710 2 |a International Association of Assessing Officers 
999 |a 0000022639   |b BOOK   |c Open Shelf   |e Default branch